000
00311nam a2200145Ia 4500
100
_a
Jawale/ V.H.
650
_a
Chemistry
942
_c
BK
654
_a
Chemistry
245
_a
Chemistry of Engg. Materials
260
_b
Vrinda pub.
_a
Jalgaon
_c
1981
082
_a
620.112
300
_a
74
546
_a
ENGLISH
999
_c
20960
_d
20960